Especial /
Guardado en:
| Autor Corporativo: | |
|---|---|
| Formato: | Libro |
| Lenguaje: | Spanish |
| Publicado: |
Tegucigalpa, Honduras:
CEDOH,
|
| Materias: | |
| Etiquetas: |
Agregar Etiqueta
Sin Etiquetas, Sea el primero en etiquetar este registro!
|
MARC
| LEADER | 00000nam a22000007a 4500 | ||
|---|---|---|---|
| 003 | cru CIDCACS/IIS | ||
| 005 | 20230126144820.0 | ||
| 008 | 230126b |||||||| |||| 00| 0 spa d | ||
| 040 | |c cru CIDCACS/IIS | ||
| 090 | |a REV0120 | ||
| 110 | 2 | |9 9682 |a Centro de Documentación de Honduras | |
| 245 | 1 | |a Especial / |c Centro de Documentación de Honduras | |
| 260 | |a Tegucigalpa, Honduras: |b CEDOH, | ||
| 270 | |e Apdo. 1882 | ||
| 500 | |a EXISTENCIAS : 1983 (2-6) 1984 (7, 9-14) 1985 (15-19) 1986 (20-24) 1987 (27-31) 1988 (35-36) 1989 (37-38, 41-44) 1990 (47-52) 1991 (53-58) 1992 (59-61) 1993 (62-66) 1994 (67-71) 1995 (72) 1996 (75) PERIODICIDAD: Mensual | ||
| 500 | |a Colección Centroamérica | ||
| 650 | 0 | |9 411 |a DESARROLLO POLITICO | |
| 650 | 0 | |9 67 |a SISTEMAS POLITICOS | |
| 650 | 0 | |9 38 |a DERECHOS HUMANOS | |
| 651 | 4 | |9 2652 |a HONDURAS | |
| 942 | |2 ddc |c PP | ||
| 999 | |c 44694 |d 44694 | ||
